[Event "African Games-chT 2019"]
[Site "Casablanca"]
[Date "2019.08.25"]
[Round "6.32"]
[White "Mentile, Lishen"]
[Black "Youwou Pedhom, Grace Christie"]
[Result "1-0"]
[WhiteElo "1513"]
[BlackElo "1640"]
[Annotator "NA"]
[PlyCount "109"]
[EventDate "2019.08.24"]
[EventType "team-tourn"]
[EventCountry "MAR"]
[SourceTitle "playchess.com"]
[Source "ChessBase"]
[SourceQuality "1"]
[WhiteTeam "Namibia"]
[WhiteTeamCountry "NAM"]
[TimeControl "900+10"]

1. e4 {[%emt 0:00:00]} d5 {[%emt 0:00:00]} 2. exd5 {[%emt 0:00:07]} Qxd5 {[%emt 0:00:00]} 3. Nc3 {[%emt 0:00:02]} Qd8 {[%emt 0:00:00]} 4. d4 {[%emt 0:00:05]} Nf6 {[%emt 0:00:08]} 5. h3 {[%emt 0:00:12]} e6 {[%emt 0:00:12]} 6. Nf3 {[%emt 0:00:03]} Be7 {[%emt 0:00:50]} 7. Bc4 {[%emt 0:00:26]} O-O {[%emt 0:00:09]} 8. O-O {[%emt 0:00:02]} a6 {[%emt 0:01:41]} 9. Bg5 {[%emt 0:00:58]} b5 {[%emt 0:00:11]} 10. Bb3 {[%emt 0:00:01]} c5 {[%emt 0:00:24]} 11. dxc5 {[%emt 0:00:17]} Bxc5 {[%emt 0:00:13]} 12. Qxd8 {[%emt 0:03:50]} Rxd8 {[%emt 0:01:20]} 13. Bxf6 {[%emt 0:01:15]} gxf6 {[%emt 0:00:02]} 14. Ne4 Nd7 {[%emt 0:01:49]} 15. Rad1 {[%emt 0:00:16]} Bb7 {[%emt 0:00:22]} 16. Rfe1 {[%emt 0:03:11]} f5 {[%emt 0:00:16]} 17. Nxc5 {[%emt 0:01:55]} Nxc5 {[%emt 0:00:06]} 18. Ne5 {[%emt 0:00:38]} Kf8 {[%emt 0:01:41]} 19. c3 {[%emt 0:00:52]} Ke7 {[%emt 0:00:17]} 20. Bc2 {[%emt 0:00:26]} h6 {[%emt 0:00:35]} 21. Nf3 {[%emt 0:00:53]} Bxf3 22. gxf3 Rg8+ {[%emt 0:00:28]} 23. Kf1 {[%emt 0:00:04]} Rg7 {[%emt 0:00:21]} 24. Bxf5 {[%emt 0:00:03]} Kf6 {[%emt 0:00:33]} 25. Bc2 {[%emt 0:00:34]} Rag8 {[%emt 0:00:39]} 26. Ke2 {[%emt 0:00:05]} Rg2 {[%emt 0:01:06]} 27. Rh1 {[%emt 0:00:48]} h5 {[%emt 0:01:21]} 28. Ke3 {[%emt 0:00:26]} h4 {[%emt 0:00:10]} 29. f4 {[%emt 0:01:01]} e5 {[%emt 0:01:21]} 30. fxe5+ {[%emt 0:00:45]} Kxe5 {[%emt 0:00:04]} 31. Kf3 {[%emt 0:00:11]} f5 {[%emt 0:00:23]} 32. Rhe1+ {[%emt 0:00:06]} Kf6 {[%emt 0:00:25]} 33. Rd6+ {[%emt 0:00:01]} Kf7 {[%emt 0:00:16]} 34. Bxf5 {[%emt 0:00:19]} Rg1 {[%emt 0:00:44]} 35. Rxg1 Rxg1 {[%emt 0:00:03]} 36. Rc6 {[%emt 0:00:21]} Na4 {[%emt 0:00:55]} 37. b3 {[%emt 0:00:14]} Nb2 {[%emt 0:00:10]} 38. Rxa6 {[%emt 0:00:07]} Nd1 {[%emt 0:00:13]} 39. Rc6 {[%emt 0:00:22]} Rf1 {[%emt 0:00:05]} 40. Ke2 {[%emt 0:00:07]} Rxf2+ {[%emt 0:00:12]} 41. Kxd1 {[%emt 0:00:02]} Rxf5 {[%emt 0:00:01]} 42. Ke2 {[%emt 0:00:37]} Rg5 {[%emt 0:00:09]} 43. Rh6 {[%emt 0:00:08]} Rg2+ {[%emt 0:00:06]} 44. Kf1 {[%emt 0:00:06]} Rxa2 {[%emt 0:00:06]} 45. Rxh4 {[%emt 0:00:01]} Ra3 {[%emt 0:00:11]} 46. Rb4 {[%emt 0:00:04]} Kg6 {[%emt 0:00:16]} 47. Rxb5 {[%emt 0:00:01]} Kf6 {[%emt 0:00:03]} 48. Kf2 {[%emt 0:00:00]} Ke6 {[%emt 0:00:07]} 49. Kg3 {[%emt 0:00:00]} Kd6 {[%emt 0:00:02]} 50. Rb4 {[%emt 0:00:00]} Kc5 {[%emt 0:00:11]} 51. Rb8 {[%emt 0:00:00]} Kd5 {[%emt 0:00:12]} 52. Kg4 {[%emt 0:00:00]} Ke4 {[%emt 0:00:02]} 53. h4 {[%emt 0:00:00]} Kd3 {[%emt 0:00:02]} 54. c4 {[%emt 0:00:00]} Kc3 {[%emt 0:00:05]} 55. c5 {[%emt 0:00:00]} 1-0

[Event "African Games-chT 2019"]
[Site "Casablanca"]
[Date "2019.08.25"]
[Round "6.33"]
[White "Kourakoumba, Florent"]
[Black "Marie, Patrick"]
[Result "0-1"]
[WhiteElo "1677"]
[BlackElo "1921"]
[Annotator "NA"]
[PlyCount "90"]
[EventDate "2019.08.24"]
[EventType "team-tourn"]
[EventCountry "MAR"]
[SourceTitle "playchess.com"]
[Source "ChessBase"]
[SourceQuality "1"]
[WhiteTeam "CAF"]
[BlackTeam "Mauritius"]
[BlackTeamCountry "MRI"]
[TimeControl "900+10"]

1. e4 {[%emt 0:00:00]} c5 {[%emt 0:00:00]} 2. Bc4 {[%emt 0:00:00]} Nc6 {[%emt 0:00:00]} 3. c3 {[%emt 0:00:00]} Nf6 {[%emt 0:00:14]} 4. d3 {[%emt 0:00:05]} e6 {[%emt 0:00:19]} 5. Ne2 {[%emt 0:00:06]} d5 {[%emt 0:00:01]} 6. exd5 {[%emt 0:00:08]} exd5 {[%emt 0:00:02]} 7. Bb3 {[%emt 0:00:03]} Be7 {[%emt 0:00:12]} 8. O-O {[%emt 0:00:02]} O-O {[%emt 0:00:03]} 9. Bg5 {[%emt 0:00:16]} Bg4 {[%emt 0:01:13]} 10. f3 {[%emt 0:00:04]} Bf5 {[%emt 0:00:16]} 11. Ng3 {[%emt 0:00:10]} Bg6 {[%emt 0:00:02]} 12. h4 {[%emt 0:00:16]} Qd6 {[%emt 0:00:51]} 13. Bxf6 {[%emt 0:00:13]} Bxf6 {[%emt 0:00:09]} 14. f4 Bxh4 {[%emt 0:00:13]} 15. Qf3 {[%emt 0:00:27]} c4 {[%emt 0:01:08]} 16. dxc4 {[%emt 0:00:22]} dxc4 {[%emt 0:00:03]} 17. Bd1 {[%emt 0:00:09]} Bd3 {[%emt 0:00:17]} 18. Rf2 {[%emt 0:00:19]} Qg6 {[%emt 0:00:09]} 19. Nh1 {[%emt 0:01:12]} Bxf2+ {[%emt 0:00:02]} 20. Nxf2 {[%emt 0:00:05]} Bxb1 {[%emt 0:00:00]} 21. Be2 {[%emt 0:00:26]} Bd3 22. Bxd3 {[%emt 0:00:08]} cxd3 {[%emt 0:00:29]} 23. Nxd3 {[%emt 0:00:03]} Rad8 {[%emt 0:00:10]} 24. f5 {[%emt 0:00:12]} Qd6 {[%emt 0:01:16]} 25. Nf4 {[%emt 0:00:19]} Rfe8 {[%emt 0:00:54]} 26. Rf1 {[%emt 0:00:03]} Qd2 {[%emt 0:00:36]} 27. Rf2 {[%emt 0:00:10]} Qd1+ {[%emt 0:00:04]} 28. Kh2 {[%emt 0:00:17]} Qxf3 {[%emt 0:00:05]} 29. gxf3 {[%emt 0:00:58]} Re5 {[%emt 0:00:30]} 30. f6 {[%emt 0:00:10]} gxf6 {[%emt 0:01:04]} 31. Rg2+ {[%emt 0:00:04]} Rg5 {[%emt 0:00:06]} 32. Rf2 {[%emt 0:00:08]} Ne5 {[%emt 0:00:07]} 33. Nh3 {[%emt 0:00:07]} Rh5 {[%emt 0:00:19]} 34. Kg3 Nd3 35. Re2 {[%emt 0:00:45]} Rxh3+ {[%emt 0:00:43]} 36. Kxh3 {[%emt 0:00:34]} Nf4+ {[%emt 0:00:01]} 37. Kg4 {[%emt 0:00:13]} Nxe2 {[%emt 0:00:02]} 38. Kf5 {[%emt 0:00:02]} Kg7 {[%emt 0:00:02]} 39. c4 {[%emt 0:00:05]} Nd4+ {[%emt 0:00:03]} 40. Ke4 {[%emt 0:00:04]} h5 {[%emt 0:00:03]} 41. b4 {[%emt 0:00:04]} h4 {[%emt 0:00:02]} 42. a4 {[%emt 0:00:00]} h3 {[%emt 0:00:01]} 43. b5 {[%emt 0:00:02]} h2 {[%emt 0:00:06]} 44. a5 {[%emt 0:00:05]} h1=Q 45. b6 Qxf3# {[%emt 0:01:19]} 0-1

[Event "African Games-chT 2019"]
[Site "Casablanca"]
[Date "2019.08.25"]
[Round "6.34"]
[White "Naipal, Hoolan"]
[Black "Koualet-Bebondi, Vianney Archeveq"]
[Result "1-0"]
[WhiteElo "1785"]
[BlackElo "1679"]
[Annotator "NA"]
[PlyCount "83"]
[EventDate "2019.08.24"]
[EventType "team-tourn"]
[EventCountry "MAR"]
[SourceTitle "playchess.com"]
[Source "ChessBase"]
[SourceQuality "1"]
[WhiteTeam "Mauritius"]
[BlackTeam "CAF"]
[WhiteTeamCountry "MRI"]
[TimeControl "900+10"]

1. e4 {[%emt 0:00:00]} e5 {[%emt 0:00:00]} 2. Nf3 {[%emt 0:00:00]} d6 {[%emt 0:00:01]} 3. d4 {[%emt 0:00:00]} exd4 {[%emt 0:00:06]} 4. Nxd4 {[%emt 0:00:00]} Bd7 {[%emt 0:00:07]} 5. Nc3 {[%emt 0:00:12]} Be7 {[%emt 0:00:16]} 6. Be2 {[%emt 0:00:11]} Nf6 {[%emt 0:00:05]} 7. O-O {[%emt 0:00:15]} O-O {[%emt 0:00:03]} 8. f4 {[%emt 0:00:33]} c6 {[%emt 0:00:22]} 9. Bf3 {[%emt 0:01:05]} Ne8 {[%emt 0:00:19]} 10. a4 {[%emt 0:01:32]} Bf6 {[%emt 0:00:02]} 11. Kh1 {[%emt 0:00:36]} Qb6 {[%emt 0:00:32]} 12. Nde2 {[%emt 0:00:15]} Na6 {[%emt 0:00:17]} 13. g4 {[%emt 0:02:15]} Qc7 {[%emt 0:01:42]} 14. g5 {[%emt 0:00:19]} Bxc3 {[%emt 0:00:06]} 15. Nxc3 {[%emt 0:00:06]} Be6 {[%emt 0:00:07]} 16. f5 {[%emt 0:00:27]} Bc4 {[%emt 0:00:05]} 17. Rg1 {[%emt 0:00:14]} f6 {[%emt 0:00:05]} 18. gxf6 {[%emt 0:00:16]} Nxf6 {[%emt 0:00:07]} 19. Bf4 {[%emt 0:00:41]} Rad8 {[%emt 0:00:44]} 20. Qd4 {[%emt 0:01:58]} Bf7 {[%emt 0:02:16]} 21. Qxf6 {[%emt 0:00:47]} Bh5 {[%emt 0:00:39]} 22. Qxg7+ {[%emt 0:01:32]} Qxg7 {[%emt 0:00:04]} 23. Rxg7+ {[%emt 0:00:03]} Kxg7 {[%emt 0:00:01]} 24. Bxh5 {[%emt 0:00:04]} Nb4 {[%emt 0:00:25]} 25. Rg1+ {[%emt 0:00:02]} Kh8 {[%emt 0:00:31]} 26. Rg2 {[%emt 0:00:33]} Rg8 {[%emt 0:00:08]} 27. Bg5 {[%emt 0:00:56]} Rdf8 {[%emt 0:00:14]} 28. h4 {[%emt 0:01:51]} h6 {[%emt 0:00:12]} 29. Bxh6 {[%emt 0:00:05]} Rxg2 {[%emt 0:00:02]} 30. Kxg2 {[%emt 0:00:05]} Rg8+ {[%emt 0:00:10]} 31. Bg6 {[%emt 0:00:17]} Nxc2 {[%emt 0:00:10]} 32. Bf4 {[%emt 0:00:19]} Ne1+ {[%emt 0:00:37]} 33. Kg3 {[%emt 0:00:08]} Nd3 {[%emt 0:00:03]} 34. Bxd6 {[%emt 0:00:11]} Kg7 {[%emt 0:00:26]} 35. Ne2 {[%emt 0:00:28]} Kf6 {[%emt 0:00:38]} 36. Nf4 {[%emt 0:00:23]} Nxb2 {[%emt 0:00:14]} 37. e5+ {[%emt 0:00:09]} Kg7 {[%emt 0:00:04]} 38. Ne6+ {[%emt 0:00:32]} Kh8 {[%emt 0:00:14]} 39. Be7 {[%emt 0:00:14]} Rc8 {[%emt 0:00:42]} 40. f6 {[%emt 0:00:58]} Nd3 {[%emt 0:00:28]} 41. f7 {[%emt 0:00:14]} Nxe5 {[%emt 0:00:11]} 42. Bf6# {[%emt 0:00:03]} 1-0

[Event "African Games-chT 2019"]
[Site "Casablanca"]
[Date "2019.08.25"]
[Round "7.1"]
[White "Adly, Ahmed"]
[Black "Oatlhotse, Providence"]
[Result "1-0"]
[WhiteElo "2636"]
[BlackElo "2252"]
[Annotator "TA"]
[PlyCount "33"]
[EventDate "2019.08.24"]
[EventType "team-tourn"]
[EventCountry "MAR"]
[SourceTitle "playchess.com"]
[Source "ChessBase"]
[SourceQuality "1"]
[WhiteTeam "Egypt"]
[BlackTeam "Botswana"]
[WhiteTeamCountry "EGY"]
[BlackTeamCountry "BOT"]

{[%evp 9,33,0,0,2,9,-17,0,-37,-27,-68,-10,-29,101,101,74,103,129,123,636,628,781,773,716,487,29998,29999]} 1. c4 e6 2. Nf3 Nf6 3. b3 d5 4. Bb2 Be7 5. Qc2 (5. e3 O-O 6. Nc3 c5 7. cxd5 Nxd5 8. Nxd5 exd5 9. d4 Qa5+ 10. Qd2 Qxd2+ 11. Kxd2 Nc6 12. dxc5 Bxc5 13. Bb5 Bb4+ 14. Ke2 Be6 15. Rac1 Rac8 {1-0 (55) Carlsen,M (2834)-Giri,A (2752) Wijk aan Zee 2018}) 5... O-O 6. e3 {A13: English Opening: 1...e6} b6 7. Ng5 {Black must now prevent Bxf6.} g6 $146 ({Predecessor:} 7... Nbd7 8. cxd5 exd5 9. Bb5 h6 10. h4 hxg5 11. hxg5 Ne4 12. Qc6 Nd6 13. Bd3 Re8 14. Qxa8 Nb7 15. Bh7+ Kf8 16. Bf5 Kg8 17. Nc3 c6 18. g6 Bc5 19. O-O-O b5 20. Rh8+ {1-0 (20) Bellon Lopez,J (2416)-Carasusan Izcue,S (2146) Ciudad Real 2004}) 8. h4 {The position is equal.} Nc6 $1 9. h5 Nb4 (9... d4 $1 $15 10. hxg6 hxg6) 10. Qc3 $11 {With the idea hxg6.} e5 (10... d4 $1 $11 11. exd4 Nfd5 12. cxd5 Nxd5) 11. Qxe5 $16 d4 {Threatens to win with ...Bd6.} 12. hxg6 ({And not} 12. Bxd4 Nc6 $17) 12... fxg6 {[#]} 13. c5 $1 $36 {[%mdl 2048] White is on the roll.} ({Avoid the trap} 13. Bxd4 $2 Bd6 $19) 13... bxc5 $2 {[%mdl 8192] [#]} (13... h5 $16) 14. Rxh7 $1 $18 {[%mdl 512] Hoping for Bc4+.} Re8 {Black wants to play ...Qd5.} (14... Nxh7 15. Bc4+) 15. Bc4+ Nbd5 16. Qh2 {White threatens Rh8+ and mate.} Bf8 (16... Nh5 $18 17. Qe5 Nhf6 18. Rxe7 {[%mdl 64] Deflection} Qxe7 19. Bxd5+ Nxd5 20. Qxd5+ {[%mdl 64] Double Attack} Be6 21. Nxe6 {[%mdl 64] Overworked Piece} Qxe6 22. Qxc5 Rad8 23. Bxd4 Rd5) 17. Rh8+ {Accuracy: White = 74%, Black = 17%.} 1-0

[Event "African Games-chT 2019"]
[Site "Casablanca"]
[Date "2019.08.25"]
[Round "7.2"]
[White "Khetho, Phemelo"]
[Black "Amin, Bassem"]
[Result "0-1"]
[WhiteElo "2178"]
[BlackElo "2692"]
[Annotator "TA"]
[PlyCount "104"]
[EventDate "2019.08.24"]
[EventType "team-tourn"]
[EventCountry "MAR"]
[SourceTitle "playchess.com"]
[Source "ChessBase"]
[SourceQuality "1"]
[WhiteTeam "Botswana"]
[BlackTeam "Egypt"]
[WhiteTeamCountry "BOT"]
[BlackTeamCountry "EGY"]

{[%evp 12,104,6,-18,31,5,16,8,40,39,33,39,41,29,40,46,49,20,26,0,48,0,33,10,14,34,37,27,70,57,52,47,46,33,35,44,35,44,47,35,88,90,101,105,112,115,106,86,70,68,84,22,18,0,0,0,2,0,0,-24,0,-11,-16,-56,0,-26,0,0,0,0,0,-118,-121,-131,-125,-150,-150,-141,-135,-498,-403,-29981,-29982,-29982,-29983,-29983,-29984,-29989,-29986,-29990,-29991,-29991,-29992,-29996,-29991]} 1. e4 e5 2. Nf3 Nc6 3. Nc3 Nf6 4. g3 Bc5 5. Bg2 d6 6. d3 a6 7. Be3 Bb4 $146 {C26: Vienna Game: 2...Nf6, sidelines} ({Predecessor:} 7... Bxe3 8. fxe3 Ne7 9. Nh4 c6 10. Qd2 Ng6 11. Nf5 Bxf5 12. exf5 Nf8 13. O-O-O d5 14. Rhg1 h5 15. h3 Qe7 16. e4 {½-½ (48) Zvjaginsev,V (2635)-Najer,E (2681) Ohrid 2009}) 8. a3 Bxc3+ 9. bxc3 d5 {The position is equal.} 10. exd5 Nxd5 11. Bd2 O-O 12. O-O Bg4 13. h3 Bh5 14. Rb1 Rb8 15. Re1 {And now g4 would win.} Re8 16. Qc1 Qd7 17. c4 Nf6 18. g4 Bg6 19. Nh4 b5 20. Nxg6 hxg6 21. cxb5 $1 axb5 22. c4 Nd4 23. cxb5 Rxb5 24. Rxb5 Qxb5 25. Qc4 Qb2 (25... Qxc4 $14 26. dxc4 Nc2) 26. Be3 $1 $16 Nc2 27. Bc1 Qb1 28. Rf1 $1 Nd4 29. Be3 Qb6 30. Bxd4 exd4 {[#]} 31. Rc1 ({Better is} 31. a4 $1 $16) 31... Qb2 $11 32. a4 Re2 $1 {[%cal Re2f2]} 33. Rf1 Rc2 $1 $132 {[%cal Rc2c4][%mdl 2048] Black is not holding back} 34. Qa6 Kh7 35. Bc6 Qc3 36. Bg2 Ra2 37. Qb5 Rb2 (37... Ra3 $1 $15) 38. Qa6 Nd7 39. Qc8 Ne5 40. Be4 (40. Qd8 {is more complex.} Qxd3 41. Qh4+ Kg8 42. Qd8+ Kh7) 40... Nxd3 41. Bxd3 (41. Qd8 $11) 41... Qxd3 $17 42. Qxc7 Rb1 43. Rxb1 Qxb1+ {[%mdl 4096] Endgame KQ-KQ} 44. Kh2 d3 45. Qd8 $2 {[%mdl 8192] [#]} (45. Qg3 $17 {nothing else works.}) 45... f6 $1 $19 46. g5 (46. a5 $19 Qc2 47. a6 Qxf2+ 48. Kh1) 46... f5 {Black mates.} 47. Qd4 Qc2 48. a5 d2 49. Qh4+ Kg8 50. a6 d1=Q 51. a7 Qc7+ 52. Kg2 Qd5+ {Accuracy: White = 44%, Black = 59%.} 0-1

[Event "African Games-chT 2019"]
[Site "Casablanca"]
[Date "2019.08.25"]
[Round "7.3"]
[White "Wafa, Shrook"]
[Black "Francis, Onkemetse"]
[Result "1-0"]
[WhiteElo "2183"]
[BlackElo "1792"]
[Annotator "ChessBase"]
[PlyCount "159"]
[EventDate "2019.08.24"]
[EventType "team-tourn"]
[EventCountry "MAR"]
[SourceTitle "playchess.com"]
[Source "ChessBase"]
[SourceQuality "1"]
[WhiteTeam "Egypt"]
[BlackTeam "Botswana"]
[WhiteTeamCountry "EGY"]
[BlackTeamCountry "BOT"]
[TimeControl "900+10"]

1. e4 {[%emt 0:00:00]} e5 {[%emt 0:00:00]} 2. Nf3 {[%emt 0:00:00]} Nc6 {[%emt 0:00:00]} 3. Bb5 {[%emt 0:00:01]} a6 {[%emt 0:00:00]} 4. Ba4 {[%emt 0:00:02]} Bc5 {[%emt 0:00:17]} 5. O-O {[%emt 0:00:11]} b5 {[%emt 0:00:26]} 6. Bb3 {[%emt 0:00:04]} Nf6 {[%emt 0:00:02]} 7. c3 {[%emt 0:00:17]} d6 {[%emt 0:01:14]} 8. d4 {[%emt 0:00:06]} exd4 {[%emt 0:00:12]} 9. cxd4 {[%emt 0:00:12]} Ba7 {[%emt 0:00:02]} 10. h3 {[%emt 0:00:43]} h6 {[%emt 0:00:08]} 11. Nc3 {[%emt 0:00:39]} O-O {[%emt 0:00:05]} 12. Bf4 {[%emt 0:01:20]} Ne7 {[%emt 0:01:07]} 13. Re1 {[%emt 0:01:03]} Ng6 {[%emt 0:00:11]} 14. Bh2 {[%emt 0:00:24]} Bb7 {[%emt 0:02:19]} 15. e5 {[%emt 0:00:47]} dxe5 {[%emt 0:00:21]} 16. Nxe5 {[%emt 0:00:38]} Nxe5 {[%emt 0:00:40]} 17. dxe5 {[%emt 0:00:15]} Nh7 {[%emt 0:01:28]} 18. Qg4 {[%emt 0:00:48]} Qd2 {[%emt 0:02:10]} 19. Re2 {[%emt 0:01:02]} Qg5 {[%emt 0:00:02]} 20. e6 {[%emt 0:00:17]} fxe6 {[%emt 0:00:34]} 21. Bxe6+ {[%emt 0:00:13]} Kh8 {[%emt 0:00:02]} 22. Bxc7 {[%emt 0:00:59]} Rfe8 {[%emt 0:02:19]} 23. Qxg5 {[%emt 0:00:46]} Nxg5 {[%emt 0:00:03]} 24. Bg4 {[%emt 0:01:27]} Rxe2 {[%emt 0:00:05]} 25. Bxe2 {[%emt 0:01:15]} Rf8 {[%emt 0:00:17]} 26. Rf1 {[%emt 0:00:36]} Ne6 {[%emt 0:00:02]} 27. Bd6 {[%emt 0:01:09]} Rd8 {[%emt 0:01:04]} 28. Rd1 {[%emt 0:00:10]} Nd4 {[%emt 0:00:12]} 29. Rxd4 {[%emt 0:01:19]} Bxd4 {[%emt 0:00:03]} 30. Bf4 {[%emt 0:00:51]} Rc8 {[%emt 0:00:37]} 31. Nd1 {[%emt 0:00:57]} Rc2 {[%emt 0:00:14]} 32. Bd3 {[%emt 0:00:10]} Rc8 {[%emt 0:00:32]} 33. Kf1 {[%emt 0:00:17]} Rf8 {[%emt 0:00:27]} 34. Bg3 {[%emt 0:00:17]} Bd5 {[%emt 0:00:17]} 35. b3 {[%emt 0:00:14]} Be6 {[%emt 0:00:07]} 36. Be4 {[%emt 0:00:22]} Bf5 {[%emt 0:00:33]} 37. Bb7 {[%emt 0:00:11]} Bc8 {[%emt 0:00:04]} 38. Be4 {[%emt 0:00:03]} Re8 {[%emt 0:00:42]} 39. f3 {[%emt 0:00:10]} Re7 {[%emt 0:00:26]} 40. Nf2 {[%emt 0:00:09]} a5 {[%emt 0:00:44]} 41. Nd3 {[%emt 0:00:05]} Bb7 {[%emt 0:00:50]} 42. Bf5 {[%emt 0:00:34]} Rf7 {[%emt 0:00:10]} 43. Bg4 {[%emt 0:00:13]} g6 {[%emt 0:00:08]} 44. Nf4 {[%emt 0:00:09]} g5 {[%emt 0:00:35]} 45. Ne6 {[%emt 0:00:16]} Bb2 {[%emt 0:00:06]} 46. Nd8 {[%emt 0:00:16]} Re7 {[%emt 0:00:12]} 47. Bd6 {[%emt 0:00:08]} Re3 {[%emt 0:00:07]} 48. Nxb7 {[%emt 0:00:06]} Rd3 {[%emt 0:00:09]} 49. Bg3 {[%emt 0:00:06]} Rd1+ {[%emt 0:00:03]} 50. Ke2 {[%emt 0:00:03]} Ra1 {[%emt 0:00:11]} 51. Nd6 {[%emt 0:00:05]} Rxa2 {[%emt 0:00:05]} 52. Kd3 {[%emt 0:00:05]} Bg7 {[%emt 0:00:08]} 53. Nxb5 {[%emt 0:00:04]} Rxg2 {[%emt 0:00:04]} 54. Bc7 {[%emt 0:00:03]} Ra2 {[%emt 0:00:23]} 55. Nc3 {[%emt 0:00:08]} Ra3 {[%emt 0:00:07]} 56. Be6 {[%emt 0:00:04]} Bf6 {[%emt 0:00:23]} 57. Na4 {[%emt 0:00:06]} Kg7 {[%emt 0:00:16]} 58. Bxa5 {[%emt 0:00:05]} Ra1 {[%emt 0:00:01]} 59. Bc7 {[%emt 0:00:28]} Rd1+ {[%emt 0:00:11]} 60. Ke2 {[%emt 0:00:21]} Ra1 {[%emt 0:00:08]} 61. Nb6 {[%emt 0:00:13]} Ra2+ {[%emt 0:00:07]} 62. Ke3 {[%emt 0:00:08]} Ra6 {[%emt 0:00:02]} 63. Bc4 {[%emt 0:00:07]} Ra7 {[%emt 0:00:05]} 64. Nd5 {[%emt 0:00:01]} Bb2 {[%emt 0:00:13]} 65. Ke4 {[%emt 0:00:08]} Ra8 {[%emt 0:00:08]} 66. b4 {[%emt 0:00:26]} Re8+ {[%emt 0:00:09]} 67. Kd3 {[%emt 0:00:07]} Be5 {[%emt 0:00:18]} 68. Bxe5+ {[%emt 0:00:06]} Rxe5 {[%emt 0:00:01]} 69. b5 {[%emt 0:00:03]} Kf8 {[%emt 0:00:07]} 70. b6 {[%emt 0:00:03]} Re8 {[%emt 0:00:11]} 71. b7 {[%emt 0:00:06]} Rb8 {[%emt 0:00:06]} 72. Ba6 {[%emt 0:00:02]} Ke8 {[%emt 0:00:06]} 73. Ke4 {[%emt 0:00:06]} Kd7 {[%emt 0:00:06]} 74. Nb4 {[%emt 0:00:14]} Kc7 {[%emt 0:00:06]} 75. Nd5+ {[%emt 0:00:23]} Kc6 {[%emt 0:00:04]} 76. Nf6 {[%emt 0:00:07]} Rf8 {[%emt 0:00:17]} 77. Ke5 {[%emt 0:00:09]} Rh8 {[%emt 0:00:17]} 78. Kf5 {[%emt 0:00:14]} Kb6 {[%emt 0:00:01]} 79. Nd7+ {[%emt 0:00:08]} Kxa6 {[%emt 0:00:10]} 80. b8=Q {[%emt 0:00:02]} 1-0

[Event "African Games-chT 2019"]
[Site "Casablanca"]
[Date "2019.08.25"]
[Round "7.4"]
[White "Gabatshwarwe Refilwe"]
[Black "Wafa, Shahenda"]
[Result "0-1"]
[WhiteElo "1649"]
[BlackElo "2139"]
[Annotator "ChessBase"]
[PlyCount "108"]
[EventDate "2019.08.24"]
[EventType "team-tourn"]
[EventCountry "MAR"]
[SourceTitle "playchess.com"]
[Source "ChessBase"]
[SourceQuality "1"]
[WhiteTeam "Botswana"]
[BlackTeam "Egypt"]
[WhiteTeamCountry "BOT"]
[BlackTeamCountry "EGY"]
[TimeControl "900+10"]

1. d4 {[%emt 0:00:00]} f5 {[%emt 0:00:00]} 2. Nf3 {[%emt 0:00:00]} Nf6 {[%emt 0:00:00]} 3. Bf4 {[%emt 0:00:01]} g6 {[%emt 0:00:10]} 4. h3 {[%emt 0:00:06]} Bg7 {[%emt 0:00:03]} 5. e3 {[%emt 0:00:02]} d6 {[%emt 0:00:03]} 6. c3 {[%emt 0:00:15]} c6 {[%emt 0:02:48]} 7. Qb3 {[%emt 0:00:23]} Qb6 {[%emt 0:00:08]} 8. Nbd2 {[%emt 0:00:38]} Qxb3 {[%emt 0:00:32]} 9. axb3 {[%emt 0:00:17]} Nd5 {[%emt 0:02:38]} 10. Bh2 {[%emt 0:00:29]} Nd7 {[%emt 0:00:22]} 11. Be2 {[%emt 0:01:29]} O-O {[%emt 0:00:09]} 12. O-O {[%emt 0:00:13]} N7f6 {[%emt 0:01:06]} 13. Rfe1 {[%emt 0:03:26]} Kh8 {[%emt 0:00:56]} 14. Bd3 {[%emt 0:01:11]} Bd7 {[%emt 0:00:53]} 15. Bc2 {[%emt 0:01:54]} a6 {[%emt 0:00:19]} 16. Rad1 {[%emt 0:00:53]} Rae8 {[%emt 0:00:53]} 17. Ra1 {[%emt 0:01:25]} Nh5 {[%emt 0:00:44]} 18. Nc4 {[%emt 0:01:05]} Nhf6 {[%emt 0:01:07]} 19. Ncd2 {[%emt 0:00:03]} Rc8 {[%emt 0:00:25]} 20. e4 {[%emt 0:01:06]} fxe4 {[%emt 0:00:12]} 21. Nxe4 {[%emt 0:00:02]} Nxe4 {[%emt 0:00:37]} 22. Bxe4 {[%emt 0:00:01]} Nf4 {[%emt 0:00:31]} 23. Bc2 {[%emt 0:02:05]} Rce8 {[%emt 0:00:44]} 24. Ng5 {[%emt 0:01:02]} e5 {[%emt 0:00:26]} 25. dxe5 {[%emt 0:00:17]} Bxe5 {[%emt 0:00:21]} 26. Nf3 {[%emt 0:00:30]} Nxh3+ {[%emt 0:00:20]} 27. gxh3 {[%emt 0:00:11]} Rxf3 {[%emt 0:00:09]} 28. Bxe5+ {[%emt 0:00:07]} dxe5 {[%emt 0:00:04]} 29. Be4 {[%emt 0:00:16]} Rxh3 {[%emt 0:00:05]} 30. Bg2 {[%emt 0:00:11]} Rh4 {[%emt 0:00:04]} 31. Re3 {[%emt 0:00:06]} Bf5 {[%emt 0:00:25]} 32. Rae1 {[%emt 0:00:05]} e4 {[%emt 0:00:24]} 33. f3 {[%emt 0:00:19]} Bh3 {[%emt 0:00:05]} 34. Bxh3 {[%emt 0:00:05]} Rxh3 {[%emt 0:00:02]} 35. fxe4 {[%emt 0:00:02]} Rxe3 {[%emt 0:00:03]} 36. Rxe3 {[%emt 0:00:00]} Kg7 {[%emt 0:00:06]} 37. Kg2 {[%emt 0:00:01]} Kf6 {[%emt 0:00:06]} 38. Kg3 {[%emt 0:00:00]} Ke5 {[%emt 0:00:06]} 39. Re1 {[%emt 0:00:43]} Rf8 {[%emt 0:00:09]} 40. Rh1 {[%emt 0:00:13]} Rf7 {[%emt 0:00:02]} 41. Re1 {[%emt 0:00:15]} h5 {[%emt 0:00:02]} 42. Kh4 {[%emt 0:00:15]} Rf4+ {[%emt 0:00:05]} 43. Kg5 {[%emt 0:00:07]} Rg4+ {[%emt 0:00:03]} 44. Kh6 {[%emt 0:00:02]} Rxe4 {[%emt 0:00:05]} 45. Rd1 {[%emt 0:00:27]} Rg4 {[%emt 0:00:17]} 46. Rd7 {[%emt 0:00:09]} h4 {[%emt 0:00:12]} 47. Rd3 {[%emt 0:00:12]} Rg3 48. Rd2 h3 {[%emt 0:00:17]} 49. Rh2 {[%emt 0:00:14]} g5 {[%emt 0:00:01]} 50. Kh5 {[%emt 0:00:02]} g4 {[%emt 0:00:03]} 51. Kh4 {[%emt 0:00:24]} Rg2 {[%emt 0:00:01]} 52. Rh1 {[%emt 0:00:01]} h2 {[%emt 0:00:03]} 53. Re1+ {[%emt 0:00:15]} Kd6 {[%emt 0:00:01]} 54. Rh1 {[%emt 0:00:09]} g3 {[%emt 0:00:02]} 0-1